The Columbia encyclopedia (Record no. 6652)

MARC details
000 -CABECERA
campo de control de longitud fija 00735nam a2200253 a 4500
001 - NÚMERO DE CONTROL
campo de control BRCA_6971
005 - FECHA Y HORA DE LA ÚLTIMA TRANSACCIÓN
campo de control 20190320205649.0
008 - DATOS DE LONGITUD FIJA--INFORMACIÓN GENERAL
campo de control de longitud fija 221111s1952----u--#######---#000-0#eng-#
041 ## - CÓDIGO DE LENGUA
Código de lengua del texto/banda sonora o título independiente eng
044 ## - CÓDIGO DEL PAÍS DE LA ENTIDAD EDITORA/PRODUCTORA
Código MARC del país u
050 #4 - SIGNATURA TOPOGRÁFICA DE LA BIBLIOTECA DEL CONGRESO
Número de clasificación AG5
Número de documento/Ítem .C65 1952
245 10 - MENCIÓN DE TÍTULO
Título The Columbia encyclopedia
Mención de responsabilidad, etc. edited by William Bridgwater and Elizabeth J. Sherwood.
250 ## - MENCIÓN DE EDICIÓN
Mención de edición 2
260 ## - PUBLICACIÓN, DISTRIBUCIÓN, ETC.
Lugar de publicación, distribución, etc. Nueva York
Nombre del editor, distribuidor, etc. Columbia University
Fecha de publicación, distribución, etc. 1952, C1950
300 ## - DESCRIPCIÓN FÍSICA
Extensión 2203 p.
Dimensiones ?? cm.
500 ## - NOTA GENERAL
Nota general Incluye suplemento de 1953
500 ## - NOTA GENERAL
Nota general O204
650 14 - PUNTO DE ACCESO ADICIONAL DE MATERIA--TÉRMINO DE MATERIA
Término de materia o nombre geográfico como elemento de entrada Enclopedias y diccionarios
9 (RLIN) 17362
700 1# - PUNTO DE ACCESO ADICIONAL--NOMBRE DE PERSONA
Nombre de persona Bridgwater, William
Término indicativo de función/relación ed.
9 (RLIN) 17363
700 1# - PUNTO DE ACCESO ADICIONAL--NOMBRE DE PERSONA
Nombre de persona Sherwood, Elizabeth J.
Término indicativo de función/relación ed.
9 (RLIN) 17364
710 2# - PUNTO DE ACCESO ADICIONAL--NOMBRE DE ENTIDAD CORPORATIVA
Nombre de entidad corporativa o nombre de jurisdicción como elemento de entrada Columbia University
9 (RLIN) 17365
902 ## - CATALOGADOR
Iniciales GFM
942 ## - ELEMENTOS DE PUNTO DE ACCESO ADICIONAL (KOHA)
Fuente del sistema de clasificación o colocación Library of Congress Classification
Tipo de ítem Koha Libros
Holdings
Estado de retiro Estado de pérdida Estado dañado No para préstamo Localización permanente Ubicación/localización actual Fecha de adquisición Número de inventario Total de préstamos Signatura topográfica completa Código de barras Fecha visto por última vez Precio válido a partir de Tipo de ítem Koha
El ejemplar forma parte de la colección y puede ser consultado según las políticas vigentes.       Biblioteca del Museo Franz Mayer (Rogerio Casas-Alatriste) Biblioteca del Museo Franz Mayer (Rogerio Casas-Alatriste) 22/11/2011 O204   AG5 .C65 1952 (O204) 7418 22/03/2019 22/03/2019 Libros